Indian Art And Culture: (Record no. 184569)

MARC details
000 -LEADER
fixed length control field 00609nam a22001817a 4500
005 - DATE AND TIME OF LATEST TRANSACTION
control field 20220124105746.0
010 ## - LCCN (DPL NO)
LC control number ENG-131327
020 ## - INTERNATIONAL STANDARD BOOK NUMBER
International Standard Book Number 978-93-5322-886-6
Terms of availability 350.00
035 ## - SYSTEM CONTROL NUMBER
System control number EN-114859
037 ## - SOURCE OF ACQUISITION
Source of stock number/acquisition DBAD
082 ## - DEWEY DECIMAL CLASSIFICATION NUMBER
Classification number 709.54
100 ## - MAIN ENTRY--PERSONAL NAME
Personal name Agrawal, P.K.
245 ## - TITLE STATEMENT
Title Indian Art And Culture:
Remainder of title For Civil Services Preliminary and Main Examinations/
Statement of responsibility, etc P.K. Agrawal
260 ## - PUBLICATION, DISTRIBUTION, ETC. (IMPRINT)
Place of publication, distribution, etc New Delhi
Name of publisher, distributor, etc Prabhat Paperbacks
Date of publication, distribution, etc 2020
270 ## - ADDRESS
City New Delhi
Address 4/19, Asaf Ali Road
Postal code 110002
Telephone number 91-11-23289777
Electronic mail address prabhatbooks@gmail.com
300 ## - PHYSICAL DESCRIPTION
Extent 366p.
Dimensions 24cm(pbk)
Other physical details Index
942 ## - ADDED ENTRY ELEMENTS (KOHA)
Source of classification or shelving scheme Dewey Decimal Classification
Item type English Books
Classification part 709.54
Call number suffix AGR
Holdings
Withdrawn status Lost status Not for loan Collection code Home library Current library Date acquired Source of acquisition Cost, normal purchase price Full call number Barcode Copy number Cost, replacement price Koha item type
      Non-fiction Bawana Bawana 24/01/2022 DBAD/PUB 350.00 709.54 AGR EN-114859 1 350.00 English Books

© Delhi Public Library
Hit Counter
free hit counter